中国人均预期寿命最长与最短的省区 Provinces with longest & shortest life expectencies - Statistics

General Stats
  • This quiz has been taken 176 times
  • The average score is 12 of 15
Answer Stats
类别 预期寿命 省区 % Correct
最高 82.55 上海
96%
最高 82.49 北京
96%
最低 72.19 西藏
94%
最高 79.31 广东
93%
最高 80.19 浙江
92%
最高 79.32 江苏
91%
最高 81.3 天津
85%
最高 79.18 山东
84%
最高 78.49 重庆
80%
最高 78.68 辽宁
77%
最低 75.64 甘肃
77%
最低 73.96 青海
76%
最低 74.02 云南
75%
最低 75.2 贵州
74%
最高 79.05 海南
45%
No matching quizzes found
Score Distribution
Percent of People with Each Score
Percentile by Number Answered
Your Score History
You have not taken this quiz